000
00323 a2200157 4500
001
166347
020
_a
040
_c
Magnum
100
_a
Veer, Rene Van Der
240
1
0
_a
Vygotsky: uma sintese
_l
por
245
1
0
_a
Vygotsky: uma sintese
362
0
_a
1899
440
1
_a
Loyola
697
_a
PSICOLOGIA
942
_c
BK
999
_c
166347
_d
166347